| 000 | 00517nam a2200217 i 4500 | ||
|---|---|---|---|
| 001 | bg | ||
| 100 | 1 | _aSOKÓŁ, Maria | |
| 245 | 1 | 0 | _aPo prostu Netscape 4. |
| 260 |
_aGliwice : _b"Helion", _ccop. 1997. |
||
| 300 |
_a464 s. : _brys. ; _c23 cm. |
||
| 504 | _aIndeks. | ||
| 650 | 9 | _aNetscape | |
| 655 | _aPodręczniki | ||
| 020 | _a8371970285 | ||
| 040 | _cBPK | ||
| 041 | 0 | _apl | |
| 080 | _a004.4'234:004.738.52](07) | ||
| 920 | _a83-7197-028-5 | ||
| 942 | _cKS | ||
| 008 | s pl f |000 0 pol | ||
| 999 |
_c33412 _d33412 |
||